Community Engagement (Record no. 108367)

MARC details
000 -LEADER
fixed length control field 02515cad a22003015a 4500
001 - CONTROL NUMBER
control field E144054
008 - FIXED-LENGTH DATA ELEMENTS--GENERAL INFORMATION
fixed length control field 080612s20070312stk f s000 0 eng d
035 ## - SYSTEM CONTROL NUMBER
System control number (Sirsi) u144054
041 0# - LANGUAGE CODE
Language code of text/sound track or separate title eng
050 04 - LIBRARY OF CONGRESS CALL NUMBER
Classification number 711.4 $2 18
110 2# - MAIN ENTRY--CORPORATE NAME
Corporate name or jurisdiction name as entry element Scottish Executive Development Department
9 (RLIN) 3786
245 00 - TITLE STATEMENT
Title Community Engagement
Remainder of title planning with people
Medium [electronic resource]
260 ## - PUBLICATION, DISTRIBUTION, ETC.
Place of publication, distribution, etc. Edinburgh
Name of publisher, distributor, etc. Scottish Executive
Date of publication, distribution, etc. 2007
300 ## - PHYSICAL DESCRIPTION
Extent iv, 60p.
Dimensions 30cm.
490 #0 - SERIES STATEMENT
Series statement Planning Advice Note
505 2# - FORMATTED CONTENTS NOTE
Formatted contents note Community engagement in planning - what it is and why it is important
505 2# - FORMATTED CONTENTS NOTE
Formatted contents note Roles and responsibilities: The role of Scottish Ministers -- The role of the planning authority -- The role of councillors -- The role of applicants and their agents -- The role of community councils, voluntary, interest and amenity groups -- The role of key agencies and statutory consultees
505 2# - FORMATTED CONTENTS NOTE
Formatted contents note What the community can expect from the planning process
505 2# - FORMATTED CONTENTS NOTE
Formatted contents note Delivering effective community engagement and land use in planning: Standard 1: involvement -- Standard 2: support -- Standard 3: planning -- Standard 4: methods -- Standard 5: working together -- Standard 6: sharing information -- Standard 7: working with others -- Standard 8: improvement -- Standard 9: feedback -- Standard 10: monitoring and evaluation
505 2# - FORMATTED CONTENTS NOTE
Formatted contents note Support for community engagament in planning: Training for communities -- Training for planning authorities and elected members -- Sources of information and advice -- E-planning efficient government programme
520 ## - SUMMARY, ETC.
Summary, etc. This PAN was produced with the advice of stakeholders from planning authorities; Planning Aid for Scotland; the Royal Town Planning Institute, local community groups and the development industry. It discusses the changes to the Scottish planning system brought about the the enactment of the Planning etc. (Scotland) Act 2006 and states that the planning process must be reformed to involve more people. Barriers to engaging the planning process are addressed, from inaccessibility of documents to lack of expertise and 'consultation fatigue' and the PAN seeks to show how everyone can take part in shaping the future of their local areas.
521 ## - TARGET AUDIENCE NOTE
Target audience note Advanced
590 ## - LOCAL NOTE (RLIN)
Local note KA
651 #4 - SUBJECT ADDED ENTRY--GEOGRAPHIC NAME
Geographic name Scotland
Chronological subdivision 1999-
690 ## - LOCAL SUBJECT ADDED ENTRY--TOPICAL TERM (OCLC, RLIN)
Topical term or geographic name as entry element ENVIRONMENTAL AND LAND CONSULTANCY-PLANNING AND DEVELOPMENT-PLANNING REFORM
856 48 - ELECTRONIC LOCATION AND ACCESS
Uniform Resource Identifier <a href="https://www.scotland.gov.uk/Resource/Doc/169453/0047204.pdf">https://www.scotland.gov.uk/Resource/Doc/169453/0047204.pdf</a>
Public note View the item free of charge at www.scotland.gov.uk
942 ## - ADDED ENTRY ELEMENTS (KOHA)
Suppress in OPAC 0
Holdings
Withdrawn status Lost status Source of classification or shelving scheme Damaged status Not for loan Home library Current library Shelving location Date acquired Total Checkouts Full call number Barcode Date last seen Copy number Price effective from Koha item type
    Dewey Decimal Classification     Virtual Virtual Online 12/06/2008   ONLINE PUBLICATION 144054-3001 06/08/2019 1 06/08/2019 Book